书目信息 |
| 题名: |
化工设计
|
|
| 作者: | 辛诺特 主编 ;宋旭锋 译 | |
| 分册: | ||
| 出版信息: | 北京 中国石化出版社 2009.01 |
|
| 页数: | 755页 | |
| 开本: | 26cm | |
| 丛书名: | ||
| 单 册: | ||
| 中图分类: | TQ02 | |
| 科图分类: | ||
| 主题词: | 化工过程--hua gong guo cheng--设计 | |
| 电子资源: | ||
| ISBN: | 978-7-80229-638-1 | |
| 000 | 01105nam0 2200277 450 | |
| 001 | 012009623803 | |
| 005 | 20091227092113.59 | |
| 010 | @a978-7-80229-638-1@dCNY150.00 | |
| 100 | @a20091227d2009 em y0chiy0120 ea | |
| 101 | 1 | @achi@ceng |
| 102 | @aCN@b110000 | |
| 105 | @aak z 000yy | |
| 106 | @ar | |
| 200 | 1 | @a化工设计@Ahua gong she ji@d= Chemical engineering@f(英) R.K.Sinnott主编@F(ying)R.K.Sinnott zhu bian@g宋旭锋译@Gsong xu feng yi@zeng |
| 210 | @a北京@c中国石化出版社@d2009.01 | |
| 215 | @a755页@c图@d26cm | |
| 305 | @a据原书第4版译出 | |
| 314 | @a责任者(Sinnott)规范汉译姓: 辛诺特。 | |
| 330 | @a全书第1~9章及14章主要涵盖化工工艺设计,并简要介绍了设计方法,包括物料、能量平衡,工艺流程图,管道仪表,成本核算,安全,选址;第10~12章为设备选择与设计,包括分离塔,换热设备;第13章讨论了化工厂的机械设计。 | |
| 500 | 10 | @aChemical engineering@mChinese |
| 606 | 0 | @a化工过程@Ahua gong guo cheng@x设计 |
| 690 | @aTQ02@v4 | |
| 701 | 1 | @a辛诺特@Axin nuo te@g(Sinnott, R.K.)@4主编 |
| 702 | 0 | @a宋旭锋@Asong xu feng@4译 |
| 801 | 0 | @aCN@bQSSK@c20091227 |
| 905 | @b768863@dTQ02@eX514@f1 | |
| 化工设计= Chemical engineering/(英) R.K.Sinnott主编/宋旭锋译.-北京:中国石化出版社,2009.01 |
| 755页:图;26cm |
| ISBN 978-7-80229-638-1:CNY150.00 |
| 全书第1~9章及14章主要涵盖化工工艺设计,并简要介绍了设计方法,包括物料、能量平衡,工艺流程图,管道仪表,成本核算,安全,选址;第10~12章为设备选择与设计,包括分离塔,换热设备;第13章讨论了化工厂的机械设计。 |
| ● |
| 相关链接 |
|
|
|
正题名:化工设计
索取号:TQ02/X514
 
预约/预借
| 序号 | 登录号 | 条形码 | 馆藏地/架位号 | 状态 | 备注 |
| 1 | 768863 | 207688634 | 自科库501/501自科库 137排6列5层/ [索取号:TQ02/X514] | 在馆 |